Indian costume (Record no. 73181)

MARC details
000 -LEADER
fixed length control field 00663cam a22002291 4500
001 - CONTROL NUMBER
control field sa 67002291
003 - CONTROL NUMBER IDENTIFIER
control field DLC
005 - DATE AND TIME OF LATEST TRANSACTION
control field 20260227112330.0
008 - FIXED-LENGTH DATA ELEMENTS--GENERAL INFORMATION
fixed length control field 771108s1966 ii a b 001 0 eng
010 ## - LIBRARY OF CONGRESS CONTROL NUMBER
LC control number sa 67002291
035 ## - SYSTEM CONTROL NUMBER
System control number (OCoLC)3403047
040 ## - CATALOGING SOURCE
Original cataloging agency DLC
Transcribing agency AzU
Modifying agency AzU
-- DLC
050 00 - LIBRARY OF CONGRESS CALL NUMBER
Classification number GT1460
Item number .G5 1966
082 ## - DEWEY DECIMAL CLASSIFICATION NUMBER
Classification number 391/.00954
100 1# - MAIN ENTRY--PERSONAL NAME
Personal name Ghurye, G. S.
Fuller form of name (Govind Sadashiv),
Dates associated with a name 1893-1983.
245 10 - TITLE STATEMENT
Title Indian costume
Statement of responsibility, etc. [by] G. S. Ghurye.
250 ## - EDITION STATEMENT
Edition statement [2d ed.]
260 ## - PUBLICATION, DISTRIBUTION, ETC.
Place of publication, distribution, etc. Bombay,
Name of publisher, distributor, etc. Popular Prakashan
Date of publication, distribution, etc. [1966]
300 ## - PHYSICAL DESCRIPTION
Extent xxix, 302 p.
Other physical details illus.
Dimensions 25 cm.
504 ## - BIBLIOGRAPHY, ETC. NOTE
Bibliography, etc. note Bibliography: p. [287]-293.
650 #0 - SUBJECT ADDED ENTRY--TOPICAL TERM
Topical term or geographic name entry element Clothing and dress
Geographic subdivision India
General subdivision History.

No items available.

Powered by Koha